Elige la vida : diálogo entre Arnold J. Toynbee y Daisaku Ikeda /

Conversación entre el historiador británico Arnold J. Toynbee y el filósofo budista Daisaku Ikeda, llevado a cabo en 1975, en el que reflexionan sobre los problemas que enfrenta la humanidad hacia el siglo XXI. Se discuten aspectos como la inseparabilidad entre el hombre y la naturaleza, la salud, l...

Повний опис

Збережено в:
Бібліографічні деталі
Автор: Toynbee, Arnold J. (autor)
Інші автори: Ikeda, Daisaku (autor) (autor), Gage, Richard L. (compilación) (compilación)
Формат: Книга
Мова:Іспанська
Опубліковано: Madrid, España : México : Instituto Universitario Mixto de Investigación en Educación y Desarrollo Daisaku Ikeda ; Civilización Global, 2022, c2022
Серія:(Volúmenes del Instituto Ikeda)
Предмети:
Теги: Додати тег
Немає тегів, Будьте першим, хто поставить тег для цього запису!

MARC

LEADER 00000nam^a2200000^a^4500
001 000624597
005 20251127000000.0
009 20260310133959.437
020 |a 978-84-124278-4-4 
025 |a Donación sin dato, 1 ejemplar 
037 |a Acervo ITESO - Biblioteca 
041 |a ESP 
082 |a 320. 01  |b TOY 
100 |a Toynbee, Arnold J.  |e (autor) 
245 1 0 |a Elige la vida :  |b diálogo entre Arnold J. Toynbee y Daisaku Ikeda /  |c A.J. Toynbee, D. Ikeda ; comp. de R.L. Gage ; tr. por Paula Tizzano. 
264 4 |a Madrid, España :  |b Instituto Universitario Mixto de Investigación en Educación y Desarrollo Daisaku Ikeda ;  |a México :  |b Civilización Global,  |c 2022, c2022 
300 |a XXI, 448 p. 
336 |a texto  |b txt  |2 rdacontenido 
337 |a sin mediación  |b n  |2 rdamedio 
338 |a volumen  |b nc  |2 rdasoporte 
440 1 |a (Volúmenes del Instituto Ikeda) 
500 |a Traducción de: Choose Life: A Dialogue 
520 |a Conversación entre el historiador británico Arnold J. Toynbee y el filósofo budista Daisaku Ikeda, llevado a cabo en 1975, en el que reflexionan sobre los problemas que enfrenta la humanidad hacia el siglo XXI. Se discuten aspectos como la inseparabilidad entre el hombre y la naturaleza, la salud, las armas y la guerra, la elección de un sistema político, o la política internacional de la segunda mitad del siglo XX. Finalmente se menciona la importancia de la vida espiritual en el ser humano, pues es la esfera que da dirección a sus acciones. 
649 |a XX 
650 |a Hombre -  |x Influencia del Medio Natural 
650 |a Salud 
650 |a Democracia 
650 |a Sistema Político 
650 |a Bien y Mal 
650 |a Espiritualidad 
650 |a Budismo 
650 |a Guerra y Paz 
650 |a Ecología Social 
650 |a Etica Política -  |x Tema Principal 
650 |a Política Internacional 
650 |a Política y Religión 
650 |a Filosofía Política 
700 |a Ikeda, Daisaku  |e (autor) 
700 |a Gage, Richard L.  |e (compilación) 
910 |a Fondo General 
920 |a Impresos - Libros 
930 |a Colección General 
905 |a 101 
901 |a 624597-10  |b IT1  |c ACC  |i D  |u 20251127 
902 |a https://opac.biblio.iteso.mx/vufind/Record/000624597